Statystyki dla Jak dobrze znasz powiat dzierżoniowski

Kliknij tutaj aby rozwiązać quiz!

Ogólne statystyki

  • Ten quiz został rozwiązany 28 razy
  • Średni wynik to 12 z 25

Statystyki odpowiedzi

PytanieOdzpowiedź% Poprawnych
Województwo w którym się znajdujedolnośląskie
96%
Siedziba powiatuDzierżoniów
88%
Tablice rejestracyjne powiatuDDZ
83%
Liczba miast5
75%
Droga krajowa przebiegająca przez powiatDK8
71%
Odległość do Wrocławia w kilometrach60
67%
Piosenkarka greckiego pochodzenia urodzona w Bielawie w 1956 rokuEleni
67%
Najdłuższa rzekaPiława
67%
Maisto słynące z produkcji nagrobkoów i obróbki kamieniaPiława Górna
67%
Diecezja w której się znajdujeŚwidnicka
63%
Dawne województwowałbrzyskie
63%

Największy szczyt powiatu i Gór Sowich, administracyjnie w Pieszycach
Wielka Sowa
63%
Fabryka produkująca radioodbiorniki (nie istnieje)Diora
50%
Zakłday przemysłu bawełniczego z Bielawy (nie istniejące)Bielbaw
42%
Wysokość wieży Kościoła pw. Wniebowzięcia Najświętszej Maryi Panny w Bielawie, 47 pozycja na liście nawiekszy budynków w kraju (w metrach)101
38%
Najpiękniejsza wieś 2009 rokuMościsko
38%
Festiwal Muzyczny organizowany latem w BielawieRegałowisko
38%
Gmina wiejskaŁagiewniki
29%
Rok bitwy obronnej Niemczy1017
25%
Zakłday przemysłu bawełniczego z Bielawy (nie istniejące)Bieltex
21%
Największe JezioroJezioro Bielawskie
21%
Telewizja działająca na terenie powiatuTelewizja Sudecka
21%
Znajduje się w WojsławicachArboretum Wojsławice
13%
Burmistrz PieszycDorota Konieczna-Enozel
8%
Zakłday przemysłu bawełniczego z Dzierżoniowa (nie istniejące)Silesiana
8%

Rozkład punktacji

Percentyl według liczby udzielonych odpowiedzi

Procent ludzi z każdym wynikiem

Twoja historia wyników

Nie rozwiązałeś tego quizu